Programas orientados hacia el desarrollo de la mujer: una problemática en sí mismos /
Trata de aclarar la posición de organismos internacionales tales como la ONU y la OEA, en lo referente a la problemática de la mujer. Hace un diagnóstico y da algunas soluciones, busca la eliminación de la descriminación, mayor igualdad de derechos y deberes para hombres y mujeres. Al final hace una...
Enregistré dans:
| Auteur principal: | |
|---|---|
| Format: | Texte |
| Langue: | Spanish |
| Publié: |
San José :
1981
|
| Sujets: | |
| Tags: |
Ajouter un tag
Pas de tags, Soyez le premier à ajouter un tag!
|
MARC
| LEADER | 00000 a a2200000 04500 | ||
|---|---|---|---|
| 001 | 12285 | ||
| 003 | cru CIDCACS/IIS | ||
| 005 | 20230619143407.0 | ||
| 008 | 181204b ||||| |||| 00| 0 spa d | ||
| 040 | |c CRAI/IIS |a CRAI/IIS | ||
| 090 | |a 04.02.01 H557p | ||
| 100 | |a Hernández Cruz, Omar | ||
| 245 | |a Programas orientados hacia el desarrollo de la mujer: una problemática en sí mismos / |c Omar Hernández Cruz | ||
| 260 | |a San José : |c 1981 | ||
| 300 | |a 16 páginas | ||
| 520 | |a Trata de aclarar la posición de organismos internacionales tales como la ONU y la OEA, en lo referente a la problemática de la mujer. Hace un diagnóstico y da algunas soluciones, busca la eliminación de la descriminación, mayor igualdad de derechos y deberes para hombres y mujeres. Al final hace una serie de consideraciones de que el problema de la mujer no se puede ver de forma aislada y que los programas deben de ir orientados hacia la organización femenina. OB/MR | ||
| 650 | |a ONU | ||
| 650 | |a OEA | ||
| 650 | |a MUJERES | ||
| 650 | |a PROBLEMAS SOCIALES | ||
| 650 | |a CONDICIONES DE VIDA | ||
| 650 | |a IGUALDAD DE OPORTUNIDADES | ||
| 650 | |a DERECHOS HUMANOS | ||
| 650 | |a PAISES EN DESARROLLO | ||
| 650 | |a RELACIONES LABORALES | ||
| 942 | |2 ddc |c LI |h 04.02.01 H557p |i 05538 |6 040201_H557P_05538 | ||
| 999 | |c 17085 |d 17085 | ||
